LIBRARY & INFORMATION CENTRE, KCAET, TAVANUR

ONLINE PUBLIC ACCESS CATALOGUE (OPAC)

Surveying and levelling / | [A Text-Book for Engineering Students] (Record no. 7210)

MARC details
000 -LEADER
fixed length control field 00497cam a2200181ua 4500
003 - CONTROL NUMBER IDENTIFIER
control field OSt
008 - FIXED-LENGTH DATA ELEMENTS--GENERAL INFORMATION
fixed length control field 250423b |||||||| |||| 00| 0 eng d
020 ## - INTERNATIONAL STANDARD BOOK NUMBER
ISBN 818559452
082 ## - DEWEY DECIMAL CLASSIFICATION NUMBER
Classification number 624.1517
Item number RAN/SU
100 ## - MAIN ENTRY--AUTHOR NAME
Personal name Rangwala, S C.
100 ## - MAIN ENTRY--AUTHOR NAME
Personal name Rangwala, P.S.
245 ## - TITLE STATEMENT
Title Surveying and levelling /
Remainder of title [A Text-Book for Engineering Students]
250 ## - EDITION STATEMENT
Edition statement 3 / 4
260 ## - PUBLICATION, DISTRIBUTION, ETC. (IMPRINT)
Place of publication Anand :
Name of publisher Charotar Publishing House ,
Year of publication 1991,2005
300 ## - PHYSICAL DESCRIPTION
Number of Pages 780 ; .
500 ## - GENERAL NOTE
General note 18320, 17952,17953- CSS
942 ## - ADDED ENTRY ELEMENTS (KOHA)
Koha item type Books
Holdings
Withdrawn status Lost status Damaged status Home library Current library Date acquired Full call number Accession Number Koha item type Collection code Shelving location Source of acquisition Cost, normal purchase price
      KAUAET KAUAET 07/04/2012 624.1517 RAN/SU 18320 Books        
      KAUAET KAUAET 07/04/2012 624.1517 RAN/SU 21492 Books        
      KAUAET KAUAET 07/04/2012 624.1517 RAN/SU 21493 Books        
      KAUAET KAUAET 07/04/2012 624.1517 RAN/SU 21491 Books        
      KAUAET KAUAET 07/04/2012 624.1517 RAN/SU 21490 Books        
      KAUAET KAUAET 01/09/2016 624.1517 RAN/SU BB 55 Book Bank scheme for SC students   Scheme Cosmo Books, Kozhikkode. 165.00
free website counter